[Event "ROM-chT"]
[Site "Eforie Nord"]
[Date "2000.12.20"]
[Round "3"]
[White "Rogozenco, Dorian"]
[Black "Nisipeanu, Liviu Dieter"]
[Result "1/2-1/2"]
[WhiteElo "2531"]
[BlackElo "2592"]
[Annotator "Rogozenco,D"]
[PlyCount "35"]
[EventDate "2000.12.18"]
[EventType "team"]
[EventRounds "5"]
[EventCountry "ROU"]
[SourceTitle "CBM 081"]
[Source "ChessBase"]
[SourceDate "2001.03.20"]
[SourceVersion "1"]
[SourceVersionDate "2001.03.20"]
[SourceQuality "1"]
[WhiteTeam "Bucharest RAT"]
[BlackTeam "Bucharest RGA"]
[WhiteTeamCountry "ROU"]
[BlackTeamCountry "ROU"]

1. d4 Nf6 2. c4 e6 3. g3 d5 4. Nf3 dxc4 5. Bg2 Nc6 6. O-O Rb8 7. Nc3 b5 8. e4 {
A very sharp line, which needs more practical tests.} Be7 9. d5 exd5 10. exd5
Nb4 11. Ne5 (11. Nd4 Bg4 12. Qd2 Bd7 13. b3 O-O 14. a4 a6 $13 {1/2-1/2 Yevseev,
D-Brodsky,M/Nizhnij Novgorod 1998/ (56)}) 11... Bd6 $146 (11... Nd7 12. Nc6
Nxc6 13. dxc6 Nc5 14. Qh5 (14. Qxd8+ $142) 14... O-O 15. Nd5 Be6 $1 16. Nxe7+
Qxe7 17. Be3 Nd3 18. Bxa7 Ra8 19. Be3 Rfb8 $15 {1/2-1/2 Rogozenko,D-Kolev,A/
Istanbul (ol.) 2000/ (36)}) (11... Bb7 12. a3 Nbxd5 13. Nxb5 O-O 14. Nd4 Qd6 {
1/2-1/2 Gazarek,D-Rosandic,D/Pula 1999}) 12. Nc6 (12. f4 $5 Bc5+ (12... O-O 13.
a3 Nd3 14. Nxd3 cxd3 15. Qxd3 $14) 13. Kh1 Bf5 14. a3 Nc2 15. Nc6 Qc8 $13)
12... Nxc6 13. dxc6 b4 (13... O-O 14. a4 $44) 14. Nd5 (14. Re1+ $6 Be6 15. Nd5
O-O $15) 14... Nxd5 (14... O-O $2 15. Bg5 Be5 16. Qe2 $16) 15. Bxd5 O-O 16.
Bxc4 Bh3 17. Re1 Qf6 18. Qh5 $11 1/2-1/2

[Event "Biel MTO op"]
[Site "Biel"]
[Date "2004.07.21"]
[Round "3"]
[White "Roiz, Michael"]
[Black "Marcelin, Cyril"]
[Result "1/2-1/2"]
[WhiteElo "2574"]
[BlackElo "2451"]
[Annotator "Roiz,M"]
[PlyCount "52"]
[EventDate "2004.07.19"]
[EventType "swiss"]
[EventRounds "11"]
[EventCountry "SUI"]
[SourceTitle "CBM 101 Extra"]
[Source "ChessBase"]
[SourceDate "2004.09.01"]
[SourceVersion "2"]
[SourceVersionDate "2004.09.01"]
[SourceQuality "1"]

1. Nf3 Nf6 2. g3 d5 3. Bg2 c5 4. O-O Nc6 5. d4 e6 6. c4 dxc4 7. Ne5 {That is
the most principal continuation according to the modern theory.} ({The
alternatives are:} 7. dxc5) ({and} 7. Qa4) 7... Bd7 (7... Nd5 8. Nxc6 bxc6 9.
dxc5 Bxc5 10. Qa4 Qb6 11. Nd2 Ba6 12. Nxc4 Qb5 13. Qxb5 cxb5 14. Ne5 b4 15. Rd1
Bb7 16. Bd2 Be7 17. Rac1 $14 {1-0 Savchenko,S-Galliamova,A/Azov 1996/CBM 56
ext (49)}) 8. Na3 Nd5 {Quite a rare continuation, which was introduced into
practice by Russian GM Sergei Smagin. The main idea of that move is forcing
white to swap his central Ne5 as black is already threatening 9...Nxd4.} ({
The main line is:} 8... cxd4 9. Naxc4 Bc5 (9... Nxe5 10. Nxe5 Qb6 11. Bf4 (11.
Nxd7 Nxd7 12. Qa4 Rd8 13. Bf4 (13. e3 Bc5 14. exd4 Bxd4 15. Bg5 O-O 16. Bxd8
Rxd8 17. Rad1 $14 {1/2-1/2 Chernin,A-Gyimesi,Z/Lillafured 1999/CBM 70 (41)})
13... Bc5 14. Rac1 O-O 15. b4 Qxb4 16. Qxb4 Bxb4 17. Bc7 Rde8 18. Bxb7 Re7 19.
Rb1 Nb6 20. Bxb6 axb6 21. Rxb4 Rxb7 22. Rxd4 {1/2-1/2 Cosma,I-Gyimesi,Z/
Cappelle la Grande FRA 2002/22)}) 11... Bb5 (11... Rd8 12. Qb3 Bc5 13. Bxb7 O-O
14. Qxb6 Bxb6 15. a4 Ne8 16. Rfc1 Bc7 17. b4 {1-0 Tukmakov,V-Gyimesi,Z/Pula
1999/EXT 2000 (30)}) 12. b4 $1 Rd8 13. a4 Bc6 (13... Bd7 $5) 14. Bxc6+ $1 bxc6
15. Rc1 Rc8 16. b5 $1 {1/2-1/2 Tukmakov,V-Sokolov,A/Lenk 78/457 2000/[Tukmakov,
V] (43)}) (9... Rc8 10. Qb3 Nxe5 11. Nxe5 Bc6 (11... b6 12. Bg5 h6 13. Bxf6
gxf6 14. Nxd7 Qxd7 15. Rfd1 Bc5 16. Qf3 Qe7 17. a3 a5 18. b4 axb4 19. axb4 Bxb4
20. Rxd4 $36 {1-0 Greenfeld,A-Rodgaard,J/Thessaloniki 1988/TD (25)}) (11... Qb6
12. Qxb6 axb6 13. Bxb7 Rc2 14. Nxd7 Nxd7 15. Rd1 $14 {1/2-1/2 Avrukh,
B-Azmaiparashvili,Z/Chalkidiki 2002/CBM 92 (15)}) 12. Nxc6 bxc6 13. Rd1 c5 14.
e3 Nd5 15. Bf1 $36 {1-0 Almasi,Z-Movsesian,S/Polanica Zdroj 2000/CBM 79 (51)})
10. Qb3 (10. a3 Rc8 (10... Nd5 11. b4 Be7 12. Bb2 Rc8 13. Nxc6 Bxc6 14. Ne5 Nc3
15. Bxc6+ bxc6 16. Bxc3 dxc3 17. Qxd8+ Bxd8 18. Rac1 Bf6 {1/2-1/2 Kohlweyer,
B-Polaczek,R/Groningen 1988/EXT 97 (44)}) (10... O-O {Ribli} 11. b4 Be7 12. Bb2
Rc8 13. Nxd7 Qxd7 14. b5 Nb8 15. Qb3 Qc7 16. Rac1 Bc5 {1/2-1/2 Akhmilovskaya,
E-Ioseliani,N/Tskhaltubo 1988/EXT 97 (33)}) 11. b4 Be7 12. Bb2 b5 13. Nxc6 Bxc6
14. Bxc6+ Rxc6 15. Na5 {[%csl Ga5]} Rc7 16. Qd3 a6 17. Rac1 $44 {[%csl Yc6]
[%cal Ga5c6] 1-0 Berkes,F-Gyimesi,Z/ HUN-ch Gr A Balatonlelle 2002 [Ribli]})
10... O-O 11. Bf4 Qc8 (11... Rc8 12. Qxb7 Nxe5 13. Nxe5 Rb8 14. Qxb8 Qxb8 15.
Nxd7 Qb5 16. Nxf8 Bxf8 17. Rfd1 e5 18. a4 Qb8 19. Bg5 $14 {0-1 Kengis,E-Leito,
P/Kilingi Nomme 2002/EXT 2003 (96)}) 12. Nd3 Be7 13. Rfc1 Nd5 14. Nce5 Nxf4 15.
gxf4 Rb8 16. Rc4 Bf6 17. Nxc6 Bxc6 18. Bxc6 bxc6 19. Qc2 Qe8 20. Rc5 Kh8 21.
Rc1 Rg8 22. Rxc6 e5 23. fxe5 Bxe5 24. Qc5 f6 25. Nxe5 {1/2-1/2 Tkachiev,
V-Sokolov,A/Ohrid 2001/CBM 84 (25)}) 9. Nxd7 {That is the only move, which can
cause black problems - now white's strong Bg2 has no opponent.} ({Nothing
gives:} 9. Nxc6 Bxc6 10. Nxc4 Nb4 (10... b5 11. Ne5 Bb7 12. e4 Nb6 13. Qe2 c4
14. Rd1 Qc7 15. Bf4 Bd6 16. Qg4 O-O $132 {0-1 Derjabin,I-Taleb,M/Alushta UKR
2004 (28)}) 11. Bxc6+ Nxc6 12. dxc5 Bxc5 $11 {1/2-1/2 Raetsky,A-Sokolov,A/Biel
1996/EXT 98 (19)}) 9... Qxd7 10. dxc5 {I understood that white can hardly get
something more than a minimal advantage, but I didn't want to check my
opponent's analyses after the most principal 10.e4.} ({It's strange enough,
but nobody has checked the most principal continuation:} 10. e4 $5 Nb6 11. d5
Nd4 12. Be3 e5 13. Qh5 Bd6 14. f4) 10... Bxc5 11. Nxc4 Rc8 $5 $146 {An
interesting new move in this position. Black is not hurrying with a castle, as
after the trade of queens, he could place his king on e7.} (11... O-O 12. a3 (
12. Be3 Be7 13. Qb3 Nxe3 14. Qxe3 Rfd8 15. Rac1 Bf6 16. a3 h6 17. h4 Rac8 $11 {
1/2-1/2 Piket,J-Onischuk,A/Tilburg 1997/CBM 61 (23)}) 12... Rfd8 13. Bg5 Be7
14. Bd2 Bf6 15. Rb1 Rac8 16. e3 Nde7 17. Qb3 Qd3 18. Qxd3 Rxd3 19. Be4 Rd7 20.
Be1 g6 21. Na5 Nxa5 22. Bxa5 b6 23. Bb4 {1/2-1/2 Piket,J-Van Wely,L/Groningen
1997/CBM 63 (23)}) 12. Bf4 {I hoped to exploit the power of Bg2, but the
endgame is not dangerous for black.} ({More to the point was:} 12. e3 $5 O-O
13. Qe2 {[%cal Ga2a3,Gb2b4] trying to complete the development and seize a
space on the qside by a2-a3 and b2-b4.But black's activity seems to be
sufficient for equalization.} {For example:} Rfd8 14. a3 b5 15. Nd2 Ne5 $11)
12... Nxf4 13. gxf4 Qxd1 ({Interesting was also} 13... Qe7 $5 14. e3 O-O 15.
Qh5 Rfd8) 14. Rfxd1 Ke7 15. e3 Rhd8 16. a3 {That is the only way to make some
progress in this position.} (16. Rxd8 Nxd8 17. Rd1 Nc6 $11) 16... Bd6 {That is
not a mistake, but there was no reason for such a passive retreat.} ({Black
could avoid any difficulties after the simple:} 16... a6 17. b4 Ba7 $11) 17. b4
b5 $6 {That move is dubious from a strategical point of view, as the qside
pawns can be attacked by Bg2. But as the analyse shows, white can hardly take
advantage of that inaccuracy.} ({Anyway, more accurate was:} 17... b6 18. Nxd6
Rxd6 19. Rdc1 Kd8 $11) 18. Nxd6 ({I have also considered:} 18. Nd2 Nb8 $1 ({
less convincing is:} 18... a5 $6 19. Bxc6 $1 (19. Rdc1 Na7 20. Rxc8 Rxc8 21.
bxa5 Rc3 22. a4 b4 23. Ne4 Ra3 24. Rd1 Bc7 25. Nc5 Bd6 $11) 19... Rxc6 20. bxa5
Rc3 21. a4 b4 22. Ne4 Rc4 23. Nxd6 Rxd6 24. Rdc1 $1 $14) 19. Nb3 (19. Ne4 Bc7
$11 {[%cal Gc7b6]}) 19... Rc3 20. Nd4 a6 $11) 18... Rxd6 19. Rdc1 Kd8 20. Bf1 (
{Nothing promised also:} 20. Rc5 a6 21. Rac1 Na7 22. Bb7 Rb8 23. Rc7 Rd7 $11)
20... a6 {Black has finally consolidated his position.} 21. a4 {That is the
last chance - now black has to play a bit accurately, as white can attack his
k-side pawns with his rook.} (21. h4 Ne7 $11) 21... Nxb4 22. Rxc8+ Kxc8 23.
axb5 axb5 24. Bxb5 (24. Ra8+ Kd7 25. Bxb5+ (25. Ra7+ Ke8 26. Bxb5+ Kf8 27. Ra8+
Ke7) 25... Ke7 26. e4 Rd8 27. Ra7+ Kf8 $11) 24... Kd8 25. Ra7 Rb6 $1 {That is
the only, but sufficient defence. Now white's bishop is unable to save control
on spot ''c6''.} (25... Rd5 $6 26. Ba4 Rf5 27. Kg2 $14 {[%csl Rf5]}) 26. Bc4 ({
Here I could sacrifice a piece:} 26. Rd7+ Kc8 27. Ba4 Ra6 28. Rxf7 Rxa4 29.
Rxg7 Ra2 30. Rxh7 Nd3 $11 {but the draw is unavoidable anyway.}) (26. Ba4 Ra6
$11) 26... Rc6 {[%cal Gc6c7]} 1/2-1/2

[Event "ISR-ch"]
[Site "Tel Aviv"]
[Date "2002.11.26"]
[Round "2"]
[White "Porat, Shay"]
[Black "Roiz, Michael"]
[Result "0-1"]
[WhiteElo "2343"]
[BlackElo "2512"]
[Annotator "Roiz,M"]
[PlyCount "110"]
[EventDate "2002.11.24"]
[EventType "swiss"]
[EventRounds "9"]
[EventCountry "ISR"]
[SourceTitle "CBM 093"]
[Source "ChessBase"]
[SourceDate "2003.04.01"]
[SourceVersion "1"]
[SourceVersionDate "2003.04.01"]
[SourceQuality "1"]

1. d4 Nf6 2. c4 e6 3. g3 d5 4. Nf3 dxc4 5. Bg2 Nc6 6. O-O Rb8 7. e3 {This move
is a very popular way against the Rb8 system.} b5 {One year ago, I played
against the same opponent 7...Bd7 but it's not the best place for the bishop.}
(7... Bd7 8. Qe2 b5 9. Rd1 Be7 10. e4 O-O 11. Bf4 Re8 12. Ne5 {And white has a
dangerous initiative. 0-1 Porat,S-Roiz,M/Maccabia GM 2001}) 8. Qe2 Be7 9. b3
cxb3 10. Nfd2 $5 $146 {Very interesting idea-Black's knight wouldn't feel
comfortable on b4 as in the main lines!} (10. axb3 {This takle leads to very
complicated positions but I think that black's chances are not worse} O-O 11.
Bb2 (11. Rd1 a6 12. e4 Bb7 13. Bf4 Nb4 14. Nc3 Rc8 15. Ne5 Qe8 $15 {[%csl Gb4]
[%cal Gc7c5] 0-1Tukmakov,V-Rogozenko,D/Koszalin 1998} 16. Na2) 11... Bb7 12.
Ne1 $5 (12. e4 {[%csl Gd4,Ge4]} a6 13. Rd1 Nb4 14. Nc3 Qe8 15. Rac1 c5 $15 {
0-1Ostojic,N-Abramovic,B/Jug-chT playoff 1998}) 12... Nd5 (12... a6 13. Nd3 {
[%csl Gd3][%cal Gf1c1]}) 13. Qxb5 Ncb4 14. Qe2 Qc8 15. Nd2 Ba6 16. Nc4 c5 $11 {
1-0Kotsur,P-Dizdar,G/Dubai 2001}) 10... Bd7 $1 {This is not the usual place
for the bishop but here it's the best!} (10... Nb4 $6 11. Nxb3 O-O 12. a3 {
[%csl Rb4][%cal Ge3e4]}) (10... Rb6 $2 11. Nxb3 O-O 12. Rd1 {[%cal Ge3e4,Gc1e3]
and after e4 and Be3 black's pieces are in trouble.} Bb7 13. e4 $16) (10... Na5
$2 11. axb3 {[%csl Ra5]} c5 12. dxc5 Bxc5 13. Bb2 O-O 14. Be5 $16 {[%csl Ra5,
Rb8]}) (10... Qd7 11. Nxb3 a5 12. Rd1 a4 13. Nc5 $36) 11. axb3 ({Black's idea
was:} 11. Nxb3 a5 $1 $15 {[%cal Ga5a4]}) 11... e5 $5 {I decided to activate my
pieces. I am not sure that it is the best solution,but after:} (11... O-O 12.
Bb2 {[%csl Ye5][%cal Yb2e5,Gf1c1] it is clear that white has enough
compensation for the pawn.}) 12. dxe5 (12. d5 $6 Nb4 13. e4 a6 14. Bb2 Bd6 $15)
12... Nxe5 13. Bb2 Bd6 14. Rxa7 $6 {After this move it is clear that black is
ok. White must try to attack black's pieces:} (14. h3 $5 {[%cal Gf2f4]} Bf5 $8
15. e4 Be6 16. f4 Nd3 $1 17. Bxf6 gxf6 $13 {[%cal Gd6c5,Gd8d4]}) (14. f4 $2 Bg4
$1 $17) (14. Rc1 $5 {[%cal Ge2f1] (Porat,S)} O-O $140 15. f4 Bg4 16. Qf1 $1 {
[%cal Gh2h3,Ge3e4]}) 14... O-O 15. Nc3 $2 {After this move black has a very
solid advantage.} (15. h3 $142) 15... Bg4 $1 16. f3 Bf5 {[%cal Gf5d3,Ge5d3]}
17. Nce4 $8 Nxe4 18. Nxe4 Bxe4 19. fxe4 $17 {[%csl Re3,Re4,Rg2] /=+} Re8 (19...
c5 $2 20. Rd1 $1 {[%csl Ga7,Gd1][%cal Gd1d5]}) 20. Rd1 {[%cal Gd1d5]} Qe7 21.
Rd5 b4 22. Ra1 {The Rook has nothing to do on a7.} f6 $1 {[%cal Ge5f7,Gd6e5]
Blck's plan is to change the dark-squared bishops.} 23. Rad1 Nf7 24. Qc4 Kh8
25. Bd4 Rbd8 26. Rc1 h6 27. Bc5 $2 $138 {White didn't want to wait any more.
But actually it's not so easy to break white's defence after 27.Rcd1} (27. Rd1
{and white has chances to hold due to some activity}) {[%tqu "En","Find way to
change the bishops.","","","c7c6","",10]} 27... c6 $1 28. Rd4 (28. Bxd6 Nxd6
29. Qxc6 Rc8 30. Rxd6 Rxc6 31. Rdxc6 Qa7 $19 {[%csl Rb3,Re3,Re4]}) 28... Bxc5
29. Qxc5 Qxc5 30. Rxc5 Ne5 $19 {Now the game is over.} 31. Rc2 (31. Rxb4 Nd3 {
[%csl Rb4,Rc5]}) 31... Rb8 32. Kf1 Re7 {[%cal Ge7c7,Gc7a7]} 33. Ke2 Rc7 {
[%cal Gc6c5,Gc5c4]} 34. Rc5 Ra7 {[%cal Ga7a2]} 35. Bh3 (35. Rc2 Ra3 36. Rb2 Ra1
$19 (36... c5)) 35... Ra2+ 36. Rd2 Rxd2+ 37. Kxd2 Rd8+ 38. Ke2 (38. Kc2 Ra8)
38... Ra8 39. Rc2 Ra1 {[%cal Ga1h1]} 40. Kf2 Kg8 41. Bc8 Kf8 42. Be6 (42. Bb7
Ra7 43. Bxc6 Rc7) 42... Ke7 43. Bg8 g5 44. h3 h5 45. Rd2 Rh1 $1 46. Kg2 Rh2+
47. Kxh2 Nf3+ 48. Kg2 Nxd2 49. Kf2 Nxe4+ 50. Kf3 f5 51. h4 (51. g4 Nf6) 51...
g4+ 52. Kf4 Kf6 53. Bc4 Nc5 54. e4 Nxe4 55. Bd3 Nc3 {[%mdl 2056]} 0-1

[Event "USA-ch"]
[Site "Saint Louis"]
[Date "2016.04.14"]
[Round "1"]
[White "Nakamura, Hikaru"]
[Black "Lenderman, Aleksandr"]
[Result "1-0"]
[WhiteElo "2787"]
[BlackElo "2618"]
[Annotator "Roiz,M"]
[PlyCount "75"]
[EventDate "2016.04.14"]
[EventType "tourn"]
[EventRounds "11"]
[EventCountry "USA"]
[EventCategory "17"]
[SourceTitle "CBM 172"]
[Source "ChessBase"]
[SourceDate "2016.05.12"]
[SourceVersion "1"]
[SourceVersionDate "2016.05.12"]
[SourceQuality "1"]

1. d4 d5 2. c4 e6 3. Nf3 Nf6 4. Nc3 c6 5. g3 dxc4 6. Bg2 b5 7. O-O Bb7 8. b3 $5
{Hikaru employes the rare, but rather interesting idea.} cxb3 9. Qxb3 Be7 ({
In the following recent game White had more than just sufficient compensation
for a pawn after} 9... a5 $6 10. Ne5 $1 a4 ({The ''greedy''} 10... Qxd4 11. Bf4
a4 12. Qc2 $36 {is hardly an improvement for Black.}) 11. Qc2 $36 {1-0 Salem,A
(2621)-Gusain,H (2429) Dubai UAE}) 10. Ne5 a6 {The safest way of protecting
the Pb5.} ({In the event of} 10... Qb6 11. Rd1 O-O 12. Ne4 Nbd7 13. Be3 {
the placement of the Qb6 is rather awkward.}) 11. Rd1 O-O 12. Ne4 $146 ({
There is the previously played} 12. Bg5 Nfd7 13. Bxe7 Qxe7 14. Nd3 Ra7 15. Rac1
{1-0 (42) Ma Qun (2621)-Svane,R (2507) Groningen NED 2014}) 12... Qc7 ({After} 
12... Nbd7 13. Nxc6 Bxc6 14. Nxf6+ Nxf6 15. Bxc6 Rc8 16. Bb7 Rb8 17. Bf3 $14 {
White regains the pawn and stands better due to the bishop pair.}) ({However,
it made sense to simplify the matters by means of} 12... Nxe4 $5 13. Bxe4 Qc8
14. Ba3 Bxa3 15. Qxa3 Nd7 {- in that case Black's position would be passive,
but very solid.}) 13. Ng5 $5 {Accordingly to his style, Hikaru makes the most
aggressive move.} ({Instead,} 13. Nxf6+ Bxf6 14. Bf4 Bxe5 15. Bxe5 Qb6 {
would offer White sufficient compensation, but not more.}) 13... a5 14. Bh3 (
14. Nexf7 Rxf7 15. Qxe6 Bf8 16. Rb1 Qd7 17. Qxf7+ Qxf7 18. Nxf7 Kxf7 {would
lead to double-edged play in the endgame.}) 14... a4 $6 {The first step in the
wrong direction - there was no reason for inviting the opponent's queen to
join the attack.} ({The correct move was} 14... Bc8 $1 15. e4 h6 16. Bxe6 ({
Nor does} 16. Ngxf7 {achieve anything special:} Rxf7 17. Bxe6 Bxe6 18. Qxe6 Bf8
19. Bf4 Qe7 $11) 16... fxe6 17. Nxe6 Bxe6 18. Qxe6+ Kh7 {and Black is OK.}) 15.
Qc2 Bc8 {Unfortunately for Aleksandr, he found this defensive resource too
late!} 16. Bf4 {Developing the bishop with tempo looks very tempting.} ({
However, there was the even stronger} 16. Ng4 $1 g6 17. Nxf6+ Bxf6 18. Ne4 Bg7
19. Bg2 $36) 16... Qd8 17. Ng4 {It's strange, but now this idea is less
effective.} g6 $6 {This weakening move is a serious positional concession.} ({
I guess, Aleksandr rejected the more natural} 17... Nbd7 $1 {in view of} 18.
Be5 h6 19. Nxh6+ gxh6 20. Bxe6 {and White's attack looks scary. However, as
the analysis proves, White gets nothing special after} hxg5 21. Qg6+ Kh8 22.
Qh6+ Kg8 23. Qxg5+ Kh8 24. Bf5 Nxe5 25. dxe5 Nh7 26. Qh5 Bxf5 27. Rxd8 Raxd8
28. Qxf5 b4 $132) 18. Nxf6+ Bxf6 19. Ne4 {Obviously, Black suffers from the
lack of development and weak dark squares in his camp.} Bg7 {This natural move
seems inaccurate too.} ({A better one was} 19... Be7 20. Bg2 f6 21. Nc5 Qb6 $14
) 20. Bg2 {The weakness of d6-spot makes Black's position very difficult.} Qb6
$2 {This move turns out to be a decisive mistake.} ({Much more stubborn
attempt was} 20... Bd7 21. Nc5 Qe7 $16) 21. Bd6 Re8 22. Rac1 Qd8 {Admitting
the mistake.} (22... Bxd4 {can be rejected for various reasons. But I mostly
like} 23. Rxd4 $1 Qxd4 24. Rd1 Qg7 25. Be7 Nd7 26. Rxd7 Bxd7 27. Bf6 Qf8 28.
Be5 f5 29. Nf6+ Kf7 30. Nxd7 Qe7 31. Qd2 Red8 32. Qh6 Rxd7 33. Qxh7+ Ke8 34.
Qg8+ Qf8 35. Qxe6+ Qe7 36. Qg8+ Qf8 37. Qxg6+ Qf7 38. Qxc6 Rad8 39. Bf3 $18) ({
Nothing is changd by} 22... Bb7 23. Be5 Qd8 24. Bxg7 Kxg7 25. Qc3 f6 26. g4 h6
27. h4 $18) 23. Bc5 Ba6 (23... Bb7 {was also hopeless:} 24. Nd6 Re7 25. Nxb5
cxb5 26. Bxe7 Qxe7 27. Bxb7 Qxb7 28. Qc8+ Qxc8 29. Rxc8+ Bf8 30. d5 $18) 24.
Bb4 {The final preparations...} Qc7 ({The alternatives were not better:} 24...
Qd7 25. Nd6 Rd8 26. e4 $18) (24... Qb6 25. Nd6 Rd8 26. Qd2 Rd7 27. e4 Qd8 28.
e5 $18 {with full domination in both cases.}) 25. d5 $1 exd5 26. Nd6 Qd7 27.
Nxe8 Qxe8 28. e4 {Hikaru is playing very energetically and doesn't give Black
time for completing his development!} d4 29. e5 h5 {This looks really sad, but
what else?} (29... Bxe5 30. Re1 $18) 30. f4 {White is not in a rush.} ({
There was nothing wrong with} 30. Rxd4 $18 {either.}) 30... f6 31. Rxd4 fxe5
32. fxe5 {The rest is just an agony - Black is helpless now.} Bc8 33. Rcd1 Bd7
34. Rd6 Qxe5 35. Qxg6 Qf5 36. Bc3 Qf7 37. Rf1 Qxg6 38. Rxg6 1-0